<?xml version="1.0" encoding="UTF-8"?>
<record
    xmlns:xsi="http://www.w3.org/2001/XMLSchema-instance"
    xsi:schemaLocation="http://www.loc.gov/MARC21/slim http://www.loc.gov/standards/marcxml/schema/MARC21slim.xsd"
    xmlns="http://www.loc.gov/MARC21/slim">

  <leader>01588nam a2200181Ia 4500</leader>
  <controlfield tag="008">220216s9999    xx            000 0 und d</controlfield>
  <datafield tag="100" ind1=" " ind2=" ">
    <subfield code="a">Solanky S S</subfield>
  </datafield>
  <datafield tag="245" ind1=" " ind2="0">
    <subfield code="a">Photo-controlled degradation of natural rubber</subfield>
  </datafield>
  <datafield tag="260" ind1=" " ind2=" ">
    <subfield code="b">Journal of Rubber Research</subfield>
    <subfield code="c">2000</subfield>
  </datafield>
  <datafield tag="300" ind1=" " ind2=" ">
    <subfield code="a">76-94</subfield>
  </datafield>
  <datafield tag="520" ind1=" " ind2=" ">
    <subfield code="a">The chain cleavage mechanisms during hydrogen peroxide catalysed photo-oxidative degradation of high molecular weight natural rubber, which was described as producing liquid natural rubber is elucidated. NR is photolysed in toluene solution(2.5 wt.;) in a photoreactor at 30 oC under atmospheric air and nitrogen, separately, with a 400 W medium pressure mercury vapour lamp( =&gt;_290nm) with constant stirring in the presence of hydrogen peroxide and/or titanium dioxide. The decrease in viscosity-average molecular weight(Mv) was determined by viscosity measurements. The photoproducts were characterised by FT-IR, 1H and 13C NMR spectroscopies. Burfields and the present results gave indication for chain cleavages resulting from the classical free-radical oxidation process rather than a direct reaction of hydroxy radical at the methylene-methylene bond. The hydrogen peroxide and/or allylic hydroperoxides acts as photoinitiator by producing hydroxy radicals and/or alkoxy radicals. Moreover, the concomitant addition of 1 O2 (singlet oxygen) via the well known ene reaction producing hydroperoxides, can not be neglected.</subfield>
  </datafield>
  <datafield tag="650" ind1=" " ind2=" ">
    <subfield code="a">Photo-controlled oxidation</subfield>
  </datafield>
  <datafield tag="650" ind1=" " ind2=" ">
    <subfield code="a">Rubber degradation</subfield>
  </datafield>
  <datafield tag="700" ind1=" " ind2=" ">
    <subfield code="a">Campistron I</subfield>
  </datafield>
  <datafield tag="700" ind1=" " ind2=" ">
    <subfield code="a">Reyx D</subfield>
  </datafield>
  <datafield tag="700" ind1=" " ind2=" ">
    <subfield code="a">Singh R P</subfield>
  </datafield>
  <datafield tag="942" ind1=" " ind2=" ">
    <subfield code="c">JS</subfield>
  </datafield>
  <datafield tag="999" ind1=" " ind2=" ">
    <subfield code="c">64903</subfield>
    <subfield code="d">64903</subfield>
  </datafield>
  <datafield tag="952" ind1=" " ind2=" ">
    <subfield code="0">0</subfield>
    <subfield code="1">0</subfield>
    <subfield code="4">0</subfield>
    <subfield code="7">8</subfield>
    <subfield code="a">MAIN</subfield>
    <subfield code="b">MAIN</subfield>
    <subfield code="c">80</subfield>
    <subfield code="d">2021-12-17</subfield>
    <subfield code="h">Volume 3, Issue 2</subfield>
    <subfield code="l">0</subfield>
    <subfield code="r">2021-12-17 00:00:00</subfield>
    <subfield code="w">2022-02-16</subfield>
    <subfield code="y">JS</subfield>
  </datafield>
</record>
